Nová ekonomika na prahu 3. tisícročia

Saved in:
Bibliographic Details
Main Author: Grell, Michal
Format: Book Chapter
Language:Slovak
Tags: Add Tag
No Tags, Be the first to tag this record!

MARC

LEADER 00000naa$a2200000$$$4500
001 0116534
005 20230912071939.5
041 0 |a slo 
044 |a SK 
245 1 0 |a Nová ekonomika na prahu 3. tisícročia  |c Michal Grell 
100 1 |a Grell, Michal